000 00525nam a2200181 i 4500
001 35678
003 ES-MaACL
005 20251005063034.0
007 t|
008 030213s1920 fr ||||1| fre d
100 1 _aBroca, Auguste,
_d1859-1924
_9160249
245 1 0 _aPrécis de médecine operatoire /
_cpar A. Broca.
250 _a2eme ed.
260 _aParis :
_bMasson et Cie,
_c1920 (
_eCorbeil :
_fCrété)
300 _aII, 296 p. :
_bil. ;
_c20 cm.
852 _aES-MaACL
_jB-11707
999 _c35678
_d35678